[Event "Stuttgart-chB int"]
[Site "Ditzingen"]
[Date "2018.05.13"]
[Round "7"]
[White "Jaeger, Hans Ulrich"]
[Black "Rautenberg, Uwe"]
[Result "1-0"]
[WhiteElo "1800"]
[BlackElo "1909"]
[PlyCount "69"]
[EventDate "2018.05.10"]
[EventType "swiss"]
[EventRounds "7"]
[EventCountry "GER"]
[SourceTitle "EXT 2020"]
[Source "ChessBase"]
[SourceDate "2019.10.17"]
[SourceVersion "1"]
[SourceVersionDate "2019.10.17"]
[SourceQuality "1"]

1. e4 d6 2. d4 Nf6 3. Nc3 c6 4. h3 Nbd7 5. Nf3 e5 6. Be3 Be7 7. Qd2 b5 8. a3 a6 9. Rd1 Qc7 10. dxe5 dxe5 11. Be2 0-0 12. Nh2 Nc5 13. Bf3 Rd8 14. Qe2 Rxd1+ 15. Qxd1 Bb7 16. Ng4 Ne6 17. Qc1 Nd4 18. Nxf6+ Bxf6 19. b4 a5 20. Bd1 axb4 21. axb4 Be7 22. Qb2 Qd6 23. Na2 Qe6 24. Nc1 Qc4 25. c3 c5 26. bxc5 Bxe4 27. cxd4 exd4 28. Qxd4 Bf6 29. Qxc4 bxc4 30. 0-0 Ra1 31. Bf3 Bf5 32. c6 Be5 33. g4 Bc8 34. Rd1 Bf6 35. c7 1-0

[Event "Stuttgart-chB int"]
[Site "Ditzingen"]
[Date "2018.05.11"]
[Round "3"]
[White "Pranjic, Daniel"]
[Black "Jaeger, Hans Ulrich"]
[Result "1-0"]
[WhiteElo "1782"]
[BlackElo "1800"]
[PlyCount "81"]
[EventDate "2018.05.10"]
[EventType "swiss"]
[EventRounds "7"]
[EventCountry "GER"]
[SourceTitle "EXT 2020"]
[Source "ChessBase"]
[SourceDate "2019.10.17"]
[SourceVersion "1"]
[SourceVersionDate "2019.10.17"]
[SourceQuality "1"]

1. e4 e5 2. Nf3 Nc6 3. Bb5 a6 4. Ba4 Nf6 5. 0-0 Be7 6. Re1 b5 7. Bb3 0-0 8. h3 Bb7 9. d3 d6 10. c3 Na5 11. Bc2 c5 12. Nbd2 Qc7 13. Nf1 Rfe8 14. Ng3 d5 15. Nf5 dxe4 16. Nxe7+ Qxe7 17. dxe4 Rad8 18. Qe2 Nc4 19. a4 Nd6 20. Nd2 Qc7 21. f3 Nh5 22. Qf2 Bc8 23. Nf1 b4 24. Be3 bxc3 25. bxc3 Nb7 26. Nd2 Rd6 27. Nc4 Rg6 28. Qh4 Nf4 29. Bxf4 exf4 30. e5 Rh6 31. Qxf4 Be6 32. Ne3 Rh5 33. Qe4 g6 34. f4 Qc8 35. Qf3 Rh6 36. f5 gxf5 37. Nxf5 Bxf5 38. Bxf5 Qc7 39. Qg4+ Kh8 40. Qg5 Rc6 41. Qh5 1-0

[Event "Sachsen-ch Seniors op"]
[Site "Dresden"]
[Date "2016.11.08"]
[Round "9"]
[White "Jaeger, Hans Ulrich"]
[Black "Bischof, Peter"]
[Result "1-0"]
[WhiteElo "1862"]
[BlackElo "2102"]
[PlyCount "91"]
[EventDate "2016.10.31"]
[EventType "swiss"]
[EventRounds "9"]
[EventCountry "GER"]
[SourceTitle "EXT 2019"]
[Source "ChessBase"]
[SourceDate "2018.10.10"]
[SourceVersion "1"]
[SourceVersionDate "2018.10.10"]
[SourceQuality "1"]

1. e4 c6 2. d4 d5 3. e5 Bf5 4. Nc3 e6 5. g4 Bg6 6. Nge2 Be7 7. Be3 Nd7 8. Nf4 Bh4 9. Bd3 Ne7 10. Bxg6 Nxg6 11. Qd3 Nb6 12. b3 Qe7 13. a4 Rd8 14. Ng2 Nd7 15. 0-0-0 c5 16. Nxh4 Nxh4 17. Nb5 0-0 18. Qd2 Nf3 19. Qe2 cxd4 20. Nxd4 Nfxe5 21. h4 Rc8 22. Bg5 Qa3+ 23. Kb1 h6 24. Bf4 Ng6 25. Bc1 Qd6 26. h5 Ne7 27. f4 Rfe8 28. Nb5 Qb8 29. Ba3 Rc6 30. Nd4 Ra6 31. Bc1 Nc6 32. g5 Nxd4 33. Rxd4 e5 34. Rxd5 exf4 35. Qg4 Ne5 36. Qxf4 hxg5 37. Qxg5 f6 38. Qg2 Qc7 39. h6 Rc8 40. hxg7 Qxg7 41. Qf2 Qf8 42. Rg1+ Kf7 43. Rxe5 Rac6 44. Re2 Qb4 45. Bb2 b5 46. Qf5 1-0

[Event "Stuttgart-chB int"]
[Site "Ditzingen"]
[Date "2016.05.07"]
[Round "6"]
[White "Jaeger, Hans Ulrich"]
[Black "Christ, Marcel"]
[Result "1/2-1/2"]
[WhiteElo "1855"]
[BlackElo "1708"]
[PlyCount "51"]
[EventDate "2016.05.05"]
[EventType "swiss"]
[EventRounds "7"]
[EventCountry "GER"]
[SourceTitle "EXT 2018"]
[Source "ChessBase"]
[SourceDate "2017.10.13"]
[SourceVersion "1"]
[SourceVersionDate "2017.10.13"]
[SourceQuality "1"]

1. e4 c5 2. Nf3 d6 3. c3 Nf6 4. Be2 Nc6 5. d4 cxd4 6. cxd4 Nxe4 7. d5 Qa5+ 8. Nc3 Ne5 9. Nxe5 Nxc3 10. Nc4 Qxd5 11. bxc3 Qxg2 12. Bf3 Qh3 13. Be3 Be6 14. Bxb7 Rb8 15. Rb1 Bxc4 16. Bc6+ Kd8 17. Rxb8+ Kc7 18. Rb4 Qe6 19. Qa4 d5 20. Rb7+ Kd6 21. Kd2 Qe4 22. Qb4+ Kxc6 23. Rb1 Qd3+ 24. Kc1 Qf1+ 25. Kd2 Qe2+ 26. Kc1 1/2-1/2

[Event "Wuertemberg-ch Seniors 27th"]
[Site "Freudenstadt"]
[Date "2015.07.05"]
[Round "3"]
[White "Just, Gabriele"]
[Black "Jaeger, Hans Ulrich"]
[Result "1-0"]
[WhiteElo "1948"]
[BlackElo "1838"]
[PlyCount "49"]
[EventDate "2015.07.03"]
[EventType "swiss"]
[EventRounds "9"]
[EventCountry "GER"]
[SourceTitle "EXT 2016"]
[Source "ChessBase"]
[SourceDate "2015.10.08"]
[SourceVersion "1"]
[SourceVersionDate "2015.10.08"]
[SourceQuality "1"]

1. d4 Nf6 2. Nf3 e6 3. Bg5 Be7 4. Nbd2 d5 5. e3 c5 6. c3 Ne4 7. Nxe4 dxe4 8. Bxe7 Qxe7 9. Ne5 0-0 10. f4 f6 11. Ng4 Nc6 12. Bc4 Kh8 13. 0-0 Rd8 14. Qe2 a6 15. a4 b6 16. Rad1 Bb7 17. Qf2 cxd4 18. exd4 Rac8 19. Qh4 Nxd4 20. Ne5 Nf3+ 21. gxf3 Qc5+ 22. Kg2 g5 23. Qh6 exf3+ 24. Kh3 g4+ 25. Kg3 1-0

[Event "Stuttgart-chB op"]
[Site "Ditzingen"]
[Date "2015.05.16"]
[Round "6"]
[White "Ruehl, Volker"]
[Black "Jaeger, Hans Ulrich"]
[Result "0-1"]
[WhiteElo "1830"]
[BlackElo "1838"]
[PlyCount "112"]
[EventDate "2015.05.17"]
[EventType "swiss"]
[EventRounds "7"]
[EventCountry "GER"]
[SourceTitle "EXT 2018"]
[Source "ChessBase"]
[SourceDate "2017.10.13"]
[SourceVersion "1"]
[SourceVersionDate "2017.10.13"]
[SourceQuality "1"]

1. Nf3 Nf6 2. d4 e6 3. e3 b6 4. Nbd2 Bb7 5. Bd3 d5 6. Ne5 Nbd7 7. f4 c5 8. c3 a6 9. 0-0 Ne4 10. Qc2 Ndf6 11. Qa4+ Nd7 12. Qxd7+ Qxd7 13. Nxd7 Kxd7 14. Nxe4 dxe4 15. Bc2 g6 16. Bd2 Rc8 17. Rac1 Rc7 18. Be1 Bg7 19. Bg3 f5 20. Rfd1 cxd4 21. cxd4 Rhc8 22. Ba4+ Bc6 23. Bxc6+ Rxc6 24. Rxc6 Rxc6 25. Be1 Bf8 26. Kf2 a5 27. a3 a4 28. Rd2 Kd6 29. Ke2 Be7 30. Kd1 Kd5 31. Rc2 Rc4 32. Rxc4 Kxc4 33. Kc2 b5 34. Bf2 Bf6 35. Be1 h6 36. Bf2 Be7 37. Be1 g5 38. g3 Bd8 39. Bf2 Ba5 40. fxg5 hxg5 41. h4 gxh4 42. gxh4 Bd8 43. h5 Bg5 44. Bg1 Bh6 45. Kd2 Kb3 46. Kc1 Kc4 47. Kd2 Kb3 48. Kc1 f4 49. Bh2 fxe3 50. Bg3 Kc4 51. Kc2 Kxd4 52. Be1 e2 53. Bd2 e3 54. Bc3+ Ke4 55. Be1 Bg7 56. Bb4 Kf3 0-1

[Event "Stuttgart-chB op"]
[Site "Ditzingen"]
[Date "2015.05.14"]
[Round "1"]
[White "Jaeger, Hans Ulrich"]
[Black "Christ, Marcel"]
[Result "1-0"]
[WhiteElo "1838"]
[BlackElo "1658"]
[PlyCount "113"]
[EventDate "2015.05.17"]
[EventType "swiss"]
[EventRounds "7"]
[EventCountry "GER"]
[SourceTitle "EXT 2018"]
[Source "ChessBase"]
[SourceDate "2017.10.13"]
[SourceVersion "1"]
[SourceVersionDate "2017.10.13"]
[SourceQuality "1"]

1. e4 c5 2. Nf3 d6 3. c3 g6 4. d4 cxd4 5. cxd4 Bg7 6. Bc4 Bg4 7. Bxf7+ Kxf7 8. Ng5+ Ke8 9. Qxg4 Qd7 10. Qd1 Nc6 11. Be3 h6 12. Nf3 Nf6 13. Nc3 Qg4 14. d5 Nd8 15. 0-0 Nd7 16. h3 Qh5 17. Bd4 Kf7 18. Kh2 Be5+ 19. Nxe5+ dxe5 20. Qxh5 gxh5 21. Be3 b6 22. f4 Kg6 23. fxe5 Nxe5 24. Bd4 Ndf7 25. Rf5 Nc4 26. Bxh8 Rxh8 27. Ne2 Nfd6 28. b3 Nxe4 29. Rf3 Ncd6 30. Nf4+ Kg5 31. Ne6+ Kg6 32. Rc1 Rc8 33. Rc6 Nf6 34. Rxc8 Nxc8 35. Nf4+ Kg5 36. g3 Ne4 37. Nd3 Nf6 38. Nf4 Ne4 39. Ne6+ Kg6 40. Rf8 Ncd6 41. Nf4+ Kg7 42. Ra8 h4 43. g4 a5 44. Kg2 Kf6 45. Nd3 Nc3 46. a3 Nxd5 47. Kf3 e5 48. Nf2 Nb5 49. Ne4+ Ke6 50. Re8+ Ne7 51. Rh8 Ng6 52. Rxh6 Kf7 53. Rh7+ Ke6 54. Rb7 Nd4+ 55. Ke3 Nf4 56. Rxb6+ Kd5 57. Rd6# 1-0

[Event "Wuerttemberg-ch Seniors op 25th"]
[Site "Freudenstadt"]
[Date "2013.07.06"]
[Round "4"]
[White "Cichy, Michael"]
[Black "Jaeger, Hans Ulrich"]
[Result "1-0"]
[WhiteElo "1992"]
[BlackElo "1957"]
[PlyCount "74"]
[EventDate "2013.07.06"]
[EventType "swiss"]
[EventRounds "9"]
[EventCountry "GER"]
[SourceTitle "EXT 2019"]
[Source "ChessBase"]
[SourceDate "2018.10.10"]
[SourceVersion "1"]
[SourceVersionDate "2018.10.10"]
[SourceQuality "1"]

1. d4 Nf6 2. Nf3 d5 3. c4 e6 4. Nc3 c5 5. cxd5 exd5 6. g3 Ne4 7. Bg2 cxd4 8. Nxd4 Bc5 9. 0-0 0-0 10. Nxe4 dxe4 11. Nb3 Qe7 12. Nxc5 Qxc5 13. Bxe4 Nc6 14. Be3 Qe5 15. Qc2 Bh3 16. Rfe1 f5 17. Bg2 Bxg2 18. Kxg2 Qd5+ 19. f3 Rae8 20. Qc5 Qe6 21. Bf2 Rd8 22. Qc3 a5 23. a3 a4 24. Qe3 Qb3 25. Qxb3+ axb3 26. Rad1 Ne5 27. Bd4 Nc4 28. Kf2 Rfe8 29. e3 Rc8 30. Bc3 Nxa3 31. Rd7 Nb5 32. Bxg7 Rc2+ 33. Re2 Rec8 34. Be5 Nc3 35. Bxc3 b5 36. Rd1 Rc4 37. Rxc2 b4 1-0